01337nam a2200385 a 4500008004100000020003300041040002500074041000800099044001100107072005800118072007600176080002600252080002400278080001800302080002400320080002500344080001800369080001600387080002000403100002600423245009700449250001400546260005500560300004900615500001900664500002900683504005000712650001800762650002800780650002400808650003200832650002500864650003000889650003200919090306s2008||||xo oal d f 000 0dslo d a9788089089741 q(viaz.)cDar aSNKbslocSNKeAACR20 aslo axocSK 7a617xOrtopédia. Chirurgia. Oftalmológia2konspekt 7a615.8xFyzioterapia. Psychoterapia. Alternatívna medicína2konspekt a316.346.2-055.222001 a617.547-009.722001 a612.66322001 a616.62-008.2222001 a616.71-007.23422001 a615.82522001 a(035)22001 a796.012.6220011 aĎurišová, Elena10aŽenské bolesti chrbticeb(sterilita, inkontinencia, osteoporóza)cElena Ďurišová a[1. vyd.] a[Hlohovec]bElena Ďurišová - AKU-HOMEOc2008 a259 s.bfareb. fotogr., ilustr., tab.c24 cm aBiogr. údaje aMiesto vyd. podľa ISBN aBibliogr. s. 253-254. Výkladový slovník07aženy2SNKPH07abolesti chrbtice2SNKPH07aneplodnosť2SNKPH07ainkontinencia moču2SNKPH07aosteoporóza2SNKPH07apohybová terapia2SNKPH07atelesné cvičenia2SNKPH